Optimization in Operation Research (Record no. 24776)

000 -LEADER
fixed length control field 00303nam a22000977a 4500
008 - FIXED-LENGTH DATA ELEMENTS--GENERAL INFORMATION
fixed length control field 150421b xxu||||| |||| 00| 0 eng d
020 ## - INTERNATIONAL STANDARD BOOK NUMBER
International Standard Book Number 10:1-292-04247-8
082 ## - DEWEY DECIMAL CLASSIFICATION NUMBER
Edition number Pearson New International Edition
245 ## - TITLE STATEMENT
Title Optimization in Operation Research
Statement of responsibility, etc. Rardin Ronald L
260 ## - PUBLICATION, DISTRIBUTION, ETC.
Place of publication, distribution, etc. Great Britain
Name of publisher, distributor, etc. Pearson
Date of publication, distribution, etc. 2014
Holdings
Withdrawn status Lost status Source of classification or shelving scheme Damaged status Not for loan Permanent Location Current Location Shelving location Date acquired Total Checkouts Barcode Date last seen Price effective from Koha item type
          School of Interdisciplinary Engineering and Sciences (SINES) School of Interdisciplinary Engineering and Sciences (SINES) General Stacks 04/21/2015   RCMS002817 04/21/2015 04/21/2015 Book
© 2023 Central Library, National University of Sciences and Technology. All Rights Reserved.